Literary scholarship : (Record no. 17461)
[ view plain ]
| 000 -LEADER | |
|---|---|
| fixed length control field | 01258cam a22003251 4500 |
| 001 - CONTROL NUMBER | |
| control field | 17461 |
| 003 - CONTROL NUMBER IDENTIFIER | |
| rucl marc code | BD-RjUL |
| 005 - DATE AND TIME OF LATEST TRANSACTION | |
| control field | 20211209000138.0 |
| 008 - FIXED-LENGTH DATA ELEMENTS--GENERAL INFORMATION | |
| fixed length control field | 140217t1941 ncu b 001 0 eng |
| 035 ## - SYSTEM CONTROL NUMBER | |
| System control number | (BD-RjUL)17519 |
| System control number | (OCoLC)326181 |
| 040 ## - CATALOGING SOURCE | |
| Original cataloging agency | DLC |
| Transcribing agency | ODaWU |
| Modifying agency | OCoLC |
| -- | DLC |
| -- | BD-RjUL |
| Language of cataloging | eng |
| 041 ## - LANGUAGE CODE | |
| Language code of text/sound track or separate title | eng |
| 082 00 - DEWEY DECIMAL CLASSIFICATION NUMBER | |
| Classification number | 801 |
| Author mark and year | LIT 1941 |
| 245 00 - TITLE STATEMENT | |
| Title | Literary scholarship : |
| Remainder of title | its aims and methods / |
| Statement of responsibility, etc. | by Norman Foerster [and others] ... |
| 260 ## - PUBLICATION, DISTRIBUTION, ETC. (IMPRINT) | |
| Place of publication, distribution, etc. | Chapel Hill : |
| Name of publisher, distributor, etc. | The University of North Carolina Press, |
| Date of publication, distribution, etc. | c1941. |
| 300 ## - PHYSICAL DESCRIPTION | |
| Pagination | ix p., 2 l., [3]-269 p. ; |
| Size | 22 cm. |
| 504 ## - BIBLIOGRAPHY, ETC. NOTE | |
| Bibliography, etc | includes index. |
| 505 0# - FORMATTED CONTENTS NOTE | |
| Formatted contents note | The study of letters, by Norman Foerster.--Language, by J.C. McGalliard.--Literary history, by René Wellek.--Literary criticism, by Austin Warren.--Imaginative writing, by W.L. Schramm.--Notes.--Bibliography (p. 239-255) |
| 650 #0 - SUBJECT ADDED ENTRY--TOPICAL TERM | |
| Topical term or geographic name as entry element | Literature |
| General subdivision | Philosophy. |
| 9 (RLIN) | 53804 |
| Topical term or geographic name as entry element | Philology |
| General subdivision | Study and teaching. |
| 9 (RLIN) | 53805 |
| 700 1# - ADDED ENTRY--PERSONAL NAME | |
| Personal name | Foerster, Norman, |
| Dates associated with a name | 1887-1972. |
| Personal name | McGalliard, John Calvin. |
| Personal name | Wellek, René. |
| Personal name | Warren, Austin, |
| Dates associated with a name | 1899-1986. |
| Personal name | Schramm, Wilbur, |
| Dates associated with a name | 1907-1987. |
| 942 ## - ADDED ENTRY ELEMENTS (KOHA) | |
| Source of classification or shelving scheme | Dewey Decimal Classification |
| Koha item type | Books |
| Lost status | Source of classification or shelving scheme | Damaged status | Not for loan | Collection code | Permanent Location | Current Location | Shelving location | Date acquired | Source of acquisition | Cost, normal purchase price | Total Checkouts | Full call number | Date last seen | Copy number | Koha item type |
|---|---|---|---|---|---|---|---|---|---|---|---|---|---|---|---|
| Dewey Decimal Classification | Not For Loan | Fiction | Central Library, University of Rajshahi | Central Library, University of Rajshahi | Reading Room | 31/07/1964 | Zeitlinger | 28.00 | 801 LIT 1941 | 17/02/2014 | C-1 | Books |